<?xml version="1.0" encoding="UTF-8"?><?xml-stylesheet type="text/xsl" href="static/style.xsl"?><OAI-PMH xmlns="http://www.openarchives.org/OAI/2.0/" xmlns:xsi="http://www.w3.org/2001/XMLSchema-instance" xsi:schemaLocation="http://www.openarchives.org/OAI/2.0/ http://www.openarchives.org/OAI/2.0/OAI-PMH.xsd"><responseDate>2026-04-27T01:59:32Z</responseDate><request verb="GetRecord" identifier="oai:repisalud.isciii.es:20.500.12105/22894" metadataPrefix="marc">https://repisalud.isciii.es/rest/oai/request</request><GetRecord><record><header><identifier>oai:repisalud.isciii.es:20.500.12105/22894</identifier><datestamp>2024-11-28T23:08:24Z</datestamp><setSpec>com_20.500.12105_15322</setSpec><setSpec>com_20.500.12105_2051</setSpec><setSpec>col_20.500.12105_16967</setSpec></header><metadata><record xmlns="http://www.loc.gov/MARC21/slim" xmlns:dcterms="http://purl.org/dc/terms/" xmlns:doc="http://www.lyncode.com/xoai" xmlns:xsi="http://www.w3.org/2001/XMLSchema-instance" xsi:schemaLocation="http://www.loc.gov/MARC21/slim http://www.loc.gov/standards/marcxml/schema/MARC21slim.xsd">
   <leader>00925njm 22002777a 4500</leader>
   <datafield ind2=" " ind1=" " tag="042">
      <subfield code="a">dc</subfield>
   </datafield>
   <datafield ind2=" " ind1=" " tag="720">
      <subfield code="a">ISAR Study Group</subfield>
      <subfield code="e">author</subfield>
   </datafield>
   <datafield ind2=" " ind1=" " tag="720">
      <subfield code="a">García-Cosío, Borja</subfield>
      <subfield code="e">author</subfield>
   </datafield>
   <datafield ind2=" " ind1=" " tag="260">
      <subfield code="c">2020-04</subfield>
   </datafield>
   <datafield ind2=" " ind1=" " tag="520">
      <subfield code="a">Regional and/or national severe asthma registries provide valuable country-specific information. However, they are often limited in scope within the broader definitions of severe asthma, have insufficient statistical power to answer many research questions, lack intraoperability to share lessons learned, and have fundamental differences in data collected, making cross comparisons difficult. What is missing is a worldwide registry which brings all severe asthma data together in a cohesive way, under a single umbrella, based on standardized data collection protocols, permitting data to be shared seamlessly. The International Severe Asthma Registry (ISAR; http://isaregistries.org/) is the first global adult severe asthma registry. It is a joint initiative where national registries (both newly created and preexisting) retain ownership of their own data but open their borders and share data with ISAR for ethically approved research purposes. Its strength comes from collection of patient-level, anonymous, longitudinal, real-life, standardized, high-quality data (using a core set of variables) from countries across the world, combined with organizational structure, database experience, inclusivity/openness, and clinical, academic, and database expertise. This gives ISAR sufficient statistical power to answer important research questions, sufficient data standardization to compare across countries and regions, and the structure and expertise necessary to ensure its continuance and the scientific integrity and clinical applicability of its research. ISAR offers a unique opportunity to implement existing knowledge, generate new knowledge, and identify the unknown, therefore promoting new research. The aim of this commentary is to fully describe how ISAR may improve our understanding of severe asthma.</subfield>
   </datafield>
   <datafield ind1="8" ind2=" " tag="024">
      <subfield code="a">ISAR Study Group. International Severe Asthma Registry: Mission Statement. Chest. 2020 Apr;157(4):805-814.</subfield>
   </datafield>
   <datafield ind1="8" ind2=" " tag="024">
      <subfield code="a">0012-3692</subfield>
   </datafield>
   <datafield ind1="8" ind2=" " tag="024">
      <subfield code="a">http://hdl.handle.net/20.500.13003/17248</subfield>
   </datafield>
   <datafield ind1="8" ind2=" " tag="024">
      <subfield code="a">https://hdl.handle.net/20.500.12105/22894</subfield>
   </datafield>
   <datafield ind1="8" ind2=" " tag="024">
      <subfield code="a">31838187</subfield>
   </datafield>
   <datafield ind1="8" ind2=" " tag="024">
      <subfield code="a">10.1016/j.chest.2019.10.051</subfield>
   </datafield>
   <datafield ind1="8" ind2=" " tag="024">
      <subfield code="a">1931-3543</subfield>
   </datafield>
   <datafield ind1="8" ind2=" " tag="024">
      <subfield code="a">Chest</subfield>
   </datafield>
   <datafield ind1="8" ind2=" " tag="024">
      <subfield code="a">2-s2.0-85082137760</subfield>
   </datafield>
   <datafield ind1="8" ind2=" " tag="024">
      <subfield code="a">523616200027</subfield>
   </datafield>
   <datafield ind1="8" ind2=" " tag="024">
      <subfield code="a">L2005363527</subfield>
   </datafield>
   <datafield tag="653" ind2=" " ind1=" ">
      <subfield code="a">ISAR</subfield>
   </datafield>
   <datafield tag="653" ind2=" " ind1=" ">
      <subfield code="a">Severe asthma</subfield>
   </datafield>
   <datafield ind2="0" ind1="0" tag="245">
      <subfield code="a">International Severe Asthma Registry Mission Statement</subfield>
   </datafield>
</record></metadata></record></GetRecord></OAI-PMH>